000 00664nam a22002177a 4500
003 OSt
005 20251210042125.0
008 251210b |||||||| |||| 00| 0 eng d
020 _a9718581464
040 _aDWCL - Main
_cOC
082 _aRes. 025.3 B928a 2002
100 _aBuenrostro, Juan C., Jr.
_eAuthor
245 _aAbstracting and indexing made easy /
_cJuan C. Buenrostro, Jr.
260 _aQuezon City, Philippines:
_bGreat Books Publishing,
_cc2002.
300 _aix, 113 p.;
_c23 cm.
504 _aIncludes index.
650 _a1. Abstracting.
650 _a2. Indexing.
700 _aI. Field, Richard J.
_eForeword
942 _2ddc
_cBK-0 CIRC
_n0
999 _c7015
_d7015